| 000 | 00758ngm a2200205 i 4500 | ||
|---|---|---|---|
| 001 | bg | ||
| 245 | 0 | 0 |
_aWady drewna / _cOśrodek Rozwojowo-Wdrożeniowy Lasów Państwowych w Bedoniu. |
| 260 |
_aAndrespol : _bLeśne Studio Filmowe ORWLP w Bedoniu, _c1996. |
||
| 300 |
_a1 kas. wiz. (14 min 25 sek) : _bdźw., kolor. |
||
| 490 | 1 | _vC-17 | |
| 650 | 9 | _aDrewno | |
| 655 | _aDokumenty audiowizualne | ||
| 710 | 0 | _aOśrodek Rozwojowo-Wdrożeniowy Lasów Państwowych (Bedoń) | |
| 040 | _cBPK | ||
| 041 | 0 | _apol | |
| 080 | _a630*89(086.8) | ||
| 942 | _cTW | ||
| 008 | s pl f |000 0 pol | ||
| 999 |
_c35284 _d35284 |
||
| 856 |
_uhttp://koha.tu.koszalin.pl/cgi-bin/koha/opac-detail.pl?biblionumber=35284 _yKatalog online BPK |
||